| 000 | 01074cam a22003617a 4500 | ||
|---|---|---|---|
| 003 | CHAP | ||
| 005 | 20220817044439.0 | ||
| 008 | 110518s2007 it a r 00010 esp d | ||
| 010 | _a101211 | ||
| 011 | _a102183 | ||
| 020 | _a9789253057290 | ||
| 035 | _a112871 | ||
| 040 | _cCHAP | ||
| 082 | 0 | 0 |
_a641.3 _bF211 |
| 110 | 2 | _aFAO | |
| 245 | 1 | 0 |
_aInstrumentos de la FAO sobre la bioseguridad _c/por FAO |
| 260 |
_aRoma : _bFAO, _c2007 |
||
| 300 | _axiii, 148 p. | ||
| 590 |
_aBATCH-UPD _b10 _c20130110 _lUCH01 _h0845 |
||
| 590 |
_aBATCH-UPD _b10 _c20130410 _lUCH01 _h0519 |
||
| 590 |
_aBATCH-UPD _b10 _c20130914 _lUCH01 _h0639 |
||
| 590 |
_aCONVERSION _b10 _c20130109 _lUCH01 _h1356 |
||
| 650 | 1 | 4 |
_aBioseguridad. _912867 |
| 650 | 1 | 4 |
_aInocuidad alimentaria. _958836 |
| 650 | 1 | 4 |
_aPolítica ambiental. _990422 |
| 650 | 1 | 4 |
_aPolítica y gobierno. _990717 |
| 650 | 1 | 4 |
_aRiesgos. _997403 |
| 650 | 1 | 4 |
_aSalud. _9101807 |
| 650 | 1 | 4 |
_aToxicología. _9114454 |
| 901 | _aBK | ||
| 942 | _cLIBRO | ||
| 949 |
_a641.3 F211 _bBC _cFAO _d33724002079355 _eFAO1 _gDonaciØn _h114851 _i112871 _st |
||
| 999 |
_c101211 _d101211 |
||